Cambios en la educación médica. Un análisis de la integración docente asistencial en América Latina. (Registro nro. 722)

Detalles MARC
000 -LEADER
fixed length control field 01167 am a2200277 a 4500
005 - FECHA ULTIMA MODIFICACION
control field 20240628100440.0
008 - CAMPO DE CONTROL (LIBRO)
fixed length control field 100914s1984||||ve d f |||| 001 0 spa d
020 ## - INTERNATIONAL STANDARD BOOK NUMBER
ISBN S/N
041 ## - CODIGO DE IDIOMA
Código de idioma del texto/pista de sonido o título separado spa
092 ## - SIGNATURA TOPOGRAFICA DEWEY LOCAL
número de clasificación 610.738
libristica 10
sección CAM
110 1# - ENTRADA PRINCIPAL-AUTOR CORPORATIVO
Nombre de la institución, jurisdicción como entrada principal Federación Panamericana de Asociaciones de Facultades (escuelas) de Medicina.
9 (RLIN) 1461
Información adicional FEPAFEM
245 ## - TITULO PROPIAMENTE DICHO
Título Cambios en la educación médica. Un análisis de la integración docente asistencial en América Latina.
Subtítulo y Título paralelo N°3 /
Mención de responsabilidad y remanente de la transcripción de la portada Federación Panamericana de Asociaciones de Facultades (escuelas) de Medicina.
250 ## - MENCION DE EDICION
Mención de edición 1a ed.
260 ## - PIE DE IMPRENTA
Lugar de publicación, distribución, etc Caracas [Venezuela]:
Nombre de la editorial, distribuidor, etc Fondo Editorial FEPAFEM,
Fecha de publicación 1984.
300 ## - DESCRIPCION FISICA
Extension 161 p.
500 ## - NOTA GENERAL
Nota general Chavez, M. M. et al. (1984). Cambios en la educación médica. Un análisis de la integración docente asistencial en América Latina. N°3. (1a ed.). Caracas [Venezuela] : Fondo Editorial FEPAFEM.
653 ## - TÉRMINO INDIZADO - PALABRAS CLAVES
Palabra clave Ciencias médicas
653 ## - TÉRMINO INDIZADO - PALABRAS CLAVES
Palabra clave Enfermeria
653 ## - TÉRMINO INDIZADO - PALABRAS CLAVES
Palabra clave América Latina
700 1# - ENTRADAS SECUNDARIAS - NOMBRE PERSONAL
Nombre personal Chavez, Mario M.
9 (RLIN) 1457
700 1# - ENTRADAS SECUNDARIAS - NOMBRE PERSONAL
Nombre personal Ferreira, José Roberto.
9 (RLIN) 1458
700 1# - ENTRADAS SECUNDARIAS - NOMBRE PERSONAL
Nombre personal Pulido M. Pablo A.
9 (RLIN) 1459
700 1# - ENTRADAS SECUNDARIAS - NOMBRE PERSONAL
Nombre personal Rondón M. Roberto.
9 (RLIN) 1460
930 ## - NUMERO DE INVENTARIO
Número de inventario 532
942 ## - ADDED ENTRY ELEMENTS (KOHA)
Source of classification or shelving scheme Dewey Decimal Classification
Item type Libros
Existencias
Estado de retiro Existencia Estado general No para prestamo Ubicación permanente ubicación actual Sala de ubicación Fecha de adquisición Total Checkouts Número de clasificación Código de barras Date last seen Número de ejemplar Price effective from Koha tipo de elemento (item)
        Biblioteca Medicina Biblioteca Medicina Circulación 13/05/2011   610.738 10 CAM 532 06/11/2014 ej.1 13/05/2011 Libros

UNIVERSIDAD NACIONAL DEL COMAHUE
Biblioteca de la Facultad de Ciencias Médicas
Sede Toschi: Los Arrayanes y Av. Toschi, Cipolletti  - Rio Negro
Sede Los Tordos:  Yrigoyen al 2211, Cipolletti - Rio Negro 

Teléfono: 0299 - 4774707 int 25
Contacto: biblioteca@facimed.uncoma.edu.ar
© 2011 - 2026